[Event "FRA-chT Top 16 GpB"]
[Site "Port Barcares"]
[Date "2005.05.07"]
[Round "11"]
[White "Grischuk, Alexander"]
[Black "Bauer, Christian"]
[Result "1-0"]
[WhiteElo "2724"]
[BlackElo "2640"]
[Annotator "Finkel,A"]
[PlyCount "79"]
[EventDate "2005.05.04"]
[EventType "team"]
[EventRounds "11"]
[EventCountry "FRA"]
[SourceTitle "CBM 107"]
[Source "ChessBase"]
[SourceDate "2005.08.01"]
[SourceVersion "1"]
[SourceVersionDate "2005.08.01"]
[SourceQuality "1"]

{[%mdl 32]} 1. e4 d5 2. exd5 Qxd5 3. Nc3 Qa5 4. d4 Nf6 5. Bd2 c6 6. Bc4 Bf5 7.
Nd5 Qd8 8. Nxf6+ gxf6 9. Nf3 e6 (9... Nd7 10. O-O e6 11. Re1 Nb6 12. Bb3 Qc7
13. c4 O-O-O 14. a4 c5 15. a5 Nd7 16. a6 b6 17. Bc2 $16 {Keskisarja,T-Nykopp,J/
Vantaa 1996}) (9... Bg4 10. c3 e5 $2 11. dxe5 fxe5 12. Qb3 Qe7 13. Ng5 Bh5 14.
O-O h6 15. Ne4 $16 {Aarts,M-Wezenaar,F/Hengelo 1997}) (9... Rg8 $5 10. Bf4 e6
11. g3 $6 (11. Bg3) 11... Bg4 12. Be2 Qb6 13. Rb1 Qa5+ 14. c3 Qxa2 15. O-O Nd7
$15 {Hodova,L-Yildiz,B/Balatonlelle 2002}) 10. c3 (10. O-O Bd6 11. Re1 Nd7 12.
Qe2 Nb6 13. Bb3 Qd7 14. c4 Bc7 15. Rad1 O-O-O 16. Bc3 Qe7 17. d5 $14 {Liebold,
T-Frackowiak,O/Neumuenster 1999}) (10. Bb3 Nd7 (10... Na6 11. Qe2 Qe7 12. O-O-O
O-O-O 13. Nh4 Bg6 14. Ba5 Nc7 15. f4 b6 16. Bc3 Nb5 $13 {Helm,L-Hoffmann,P/
Willingen 2001}) (10... Qc7 11. Nh4 Bg6 12. Qf3 Nd7 13. Qh3 Bg7 14. Nf3 O-O-O
15. O-O f5 16. Bh6 Bxh6 17. Qxh6 $14 {Kveinys,A-Sailer,W/Bad Woerishofen 2003})
11. Qe2 a5 $6 (11... Bd6 12. O-O-O Qc7 13. Nh4 Bg6 14. g3 $14 {Westerinen,
H-Smeets,J/Hoogeveen NED 1999}) (11... Qc7 12. O-O-O (12. Nh4 Bg6 13. f4 O-O-O
14. O-O-O $14 {Savanovic,A-Tzermiadianos,A/Korinthos GRE 1999}) 12... O-O-O 13.
Nh4 Bg6 14. Nxg6 (14. g3 Bd6 15. Rhe1 Kb8 16. Kb1 Rc8 17. Nxg6 hxg6 18. h4 Ka8
19. Rh1 $14 {1/2-1/2 Fedorov,A-Papaioannou,I/Leon 2001/CBM 086 (19)}) 14...
hxg6 15. g3 Bd6 16. h4 Rh5 17. Kb1 Rdh8 18. Rhe1 Kb8 19. Bc1 Rc8 20. Qd3 $14 {
Fedorov,A-Savic,M/Neum 2004}) (11... Bg7 12. O-O-O O-O 13. Nh4 Bg6 14. Nxg6
hxg6 15. h4 f5 16. g4 fxg4 17. h5 $16 {Zagrebelny,S-Tassopoulos,M/Agios
Kirykos 2004}) 12. a4 Be7 13. O-O-O Nb6 $6 14. c4 Nd7 15. Bf4 Qb6 16. Bc2 Bxc2
17. Qxc2 Nf8 18. Kb1 $14 {Bologan,V-Hauchard,A/Belfort 1999}) 10... Nd7 (10...
Qc7 11. Nh4 Bg6 12. Qf3 Nd7 13. Qh3 Bg7 14. O-O O-O-O 15. Rfe1 Nb6 16. Bf1 $14
{Borriss,M-Kassebaum,R/Germany 1996/GER-chT}) 11. Nh4 $1 {The plan introduced
by Grischuk in this game is a sort of a cold shower for the fans of the
variation.} (11. Qe2 Qc7 12. Nh4 Bg6 13. O-O-O O-O-O 14. g4 Nb6 15. Bb3 Nd5 16.
Qf3 Be7 17. Nxg6 hxg6 18. c4 Nb6 19. Bf4 Qd7 20. Kb1 g5 $11 {Gara,T-Drabke,L/
Budapest 2002}) 11... Nb6 12. Bb3 Bg6 13. Qf3 {The queen is better placed on
f3 than on e2.} Be7 {[%cal Gf6f5]} 14. g3 $1 {Preparing the reatreat of the
knight in case of f5.} Qd7 15. O-O f5 $6 {[%csl Rg6]} (15... O-O-O 16. a4 f5 (
16... Nd5) 17. Ng2 Nd5 18. a5 h5 19. h4 Rhg8 20. Nf4 Nf6 21. Rfd1 $14) 16. Ng2
Nd5 17. Nf4 O-O-O 18. Rfe1 Nxf4 $6 {After the move in the game Black's
position deteriorates from move to move, however also after the correct} (18...
Bd6 $142 19. Rac1 (19. Nxd5 cxd5 20. Bf4 Rhg8 21. Rac1 (21. Rad1 $6 Bh5 22.
Qxh5 Bxf4 23. c4 dxc4 24. Bxc4 Bd6 $13) 21... Kb8 22. c4 dxc4 23. Rxc4 Bxf4 24.
Qxf4+ Qd6 25. d5 $1 $14) 19... Bxf4 20. Bxf4 Nxf4 21. Qxf4 Bh5 22. Bc4 Rhg8 23.
b4 Qc7 24. Qxc7+ Kxc7 25. f4 Bf3 26. Bd3 $14 {an arising endgame is not easy
fo Black.}) 19. Bxf4 Bd6 20. Bxd6 Qxd6 21. Re5 {[%csl Rc8,Rg6]} Kb8 22. Bc4
Rhe8 {[%cal Gf7f6,Ge6e5]} 23. Rae1 $1 {[%csl Re6]} Re7 24. b4 Rc7 $6 (24...
Rde8 {[%cal Gf7f6]} 25. Qf4 (25. b5 cxb5 26. Rxb5 f4 27. Qxf4 Qxf4 28. gxf4 Rc7
29. Bf1 Rxc3 30. Bg2 $14 {[%cal Gf4f5]} (30. f5 $2 Bxf5 31. Rxf5 Rg8+ $19))
25... f6 $1 (25... Ka8 26. Rxf5 Qxf4 27. Rxf4 $18) 26. Rxe6 Qxf4 27. gxf4 Rxe6
28. Rxe6 Rg8 $1 {[%cal Gg6f7]} 29. Kf1 Bf7 30. Rxc6 bxc6 31. Bxf7 Rg7 32. Be6
a5 $13) 25. h4 h5 26. a4 Qf8 27. Qf4 Rdc8 28. Bf1 $1 Bh7 29. Be2 Bg6 30. Bf3
$18 {[%cal Gb4b5,Ge1b1]} Ka8 $6 (30... Rd8 $5 31. b5 Qa3) 31. b5 Qa3 32. a5 $1
cxb5 33. Rxb5 a6 34. Rxb7 Rxb7 35. Rb1 Qe7 (35... Rcb8 36. Qc7 $18) 36. Rxb7
Qxb7 37. Bxb7+ Kxb7 38. Qd6 Rc6 39. Qb4+ Kc8 40. f4 1-0

[Event "Mainz CCM5 sim"]
[Site "Mainz"]
[Date "2005.08.??"]
[Round "?"]
[White "Grischuk, Alexander"]
[Black "Ballo, Harald"]
[Result "1-0"]
[WhiteElo "2720"]
[BlackElo "1970"]
[PlyCount "56"]
[EventDate "2005.08.??"]
[EventType "simul"]
[EventRounds "1"]
[EventCountry "GER"]
[SourceTitle "EXT 2007"]
[Source "ChessBase"]
[SourceDate "2006.11.23"]
[SourceVersion "1"]
[SourceVersionDate "2006.11.23"]
[SourceQuality "1"]

1. d4 Nf6 2. c4 e6 3. Nc3 c5 4. d5 exd5 5. cxd5 d6 6. e4 g6 7. f4 Bg7 8. Bb5+
Bd7 9. Be2 O-O 10. Nf3 Qe8 11. e5 dxe5 12. fxe5 Ng4 13. O-O Nxe5 14. Bf4 f6 15.
d6 Bc6 16. Nd5 Nbd7 17. Nc7 Qd8 18. Nxa8 Qxa8 19. Nxe5 fxe5 20. Bg5 Rxf1+ 21.
Qxf1 e4 22. Bc4+ Kh8 23. Re1 h6 24. Be7 Ne5 25. Bb5 b6 26. Bxc6 Qxc6 27. Qf4
Qb5 28. Qxe4 Qxb2 1-0

[Event "Mainz CCM5 sim"]
[Site "Mainz"]
[Date "2005.08.??"]
[Round "?"]
[White "Grischuk, Alexander"]
[Black "Boettcher, Patrick"]
[Result "1-0"]
[WhiteElo "2720"]
[BlackElo "2152"]
[PlyCount "43"]
[EventDate "2005.08.??"]
[EventType "simul"]
[EventRounds "1"]
[EventCountry "GER"]
[SourceTitle "EXT 2007"]
[Source "ChessBase"]
[SourceDate "2006.11.23"]
[SourceVersion "1"]
[SourceVersionDate "2006.11.23"]
[SourceQuality "1"]

1. c4 Nf6 2. Nc3 e6 3. e4 d5 4. e5 d4 5. exf6 dxc3 6. bxc3 Qxf6 7. Nf3 Nd7 8.
d4 Qd8 9. Bd3 Nf6 10. O-O Be7 11. Bg5 h6 12. Bh4 b6 13. Ne5 Bb7 14. Qe2 Nd7 15.
Bg3 Bd6 16. f4 O-O 17. Rae1 Bxe5 18. fxe5 Qe7 19. Bc2 Rac8 20. Qd3 f5 21. exf6
Rxf6 22. Qh7+ 1-0

[Event "Mainz CCM5 sim"]
[Site "Mainz"]
[Date "2005.08.??"]
[Round "?"]
[White "Grischuk, Alexander"]
[Black "Braunberger, Federico"]
[Result "1/2-1/2"]
[WhiteElo "2720"]
[BlackElo "2126"]
[PlyCount "80"]
[EventDate "2005.08.??"]
[EventType "simul"]
[EventRounds "1"]
[EventCountry "GER"]
[SourceTitle "EXT 2007"]
[Source "ChessBase"]
[SourceDate "2006.11.23"]
[SourceVersion "1"]
[SourceVersionDate "2006.11.23"]
[SourceQuality "1"]

1. e4 e5 2. f4 exf4 3. Nf3 g5 4. h4 g4 5. Ne5 Nf6 6. d4 d6 7. Nd3 Nh5 8. Nc3
Be7 9. Bxf4 Bxh4+ 10. Kd2 Nxf4 11. Nxf4 Qg5 12. Ncd5 Bg3 13. Ke3 Bxf4+ 14. Nxf4
h5 15. Qe1 Nc6 16. Qh4 Qxh4 17. Rxh4 Bd7 18. Bc4 f5 19. Rxh5 Rxh5 20. Nxh5
O-O-O 21. Nf6 Na5 22. Bb3 fxe4 23. Nxd7 Kxd7 24. Kxe4 Rf8 25. Ke3 Nxb3 26. axb3
a6 27. Rh1 g3 28. Rh7+ Kc6 29. d5+ Kb6 30. Rg7 Rf2 31. Rxg3 Rxc2 32. Kd3 Rxb2
33. Kc3 Rb1 34. Rg7 c6 35. dxc6 bxc6 36. g4 d5 37. g5 Kc5 38. g6 d4+ 39. Kc2
Rg1 40. Rg8 Rg2+ 1/2-1/2

[Event "Mainz CCM5 sim"]
[Site "Mainz"]
[Date "2005.08.??"]
[Round "?"]
[White "Grischuk, Alexander"]
[Black "Cobbers, Martin"]
[Result "1-0"]
[WhiteElo "2720"]
[BlackElo "2102"]
[PlyCount "69"]
[EventDate "2005.08.??"]
[EventType "simul"]
[EventRounds "1"]
[EventCountry "GER"]
[SourceTitle "EXT 2007"]
[Source "ChessBase"]
[SourceDate "2006.11.23"]
[SourceVersion "1"]
[SourceVersionDate "2006.11.23"]
[SourceQuality "1"]

1. c4 e5 2. g3 Nc6 3. Bg2 f5 4. Nc3 Nf6 5. e3 d5 6. cxd5 Nb4 7. d3 Nbxd5 8.
Nxd5 Nxd5 9. Nf3 Bb4+ 10. Bd2 Bxd2+ 11. Qxd2 Qd6 12. O-O O-O 13. Rfe1 f4 14. e4
Nb6 15. Qc3 Re8 16. d4 exd4 17. Nxd4 Qe5 18. Rac1 c6 19. Qb3+ Kh8 20. Nf3 Qf6
21. e5 Qe7 22. Nd4 Be6 23. Nxe6 Qxe6 24. Qxe6 Rxe6 25. gxf4 Rd8 26. f5 Re7 27.
Rcd1 Rxd1 28. Rxd1 Kg8 29. f4 Nc4 30. e6 h6 31. Rd8+ Kh7 32. Rd7 Re8 33. f6
Rxe6 34. f7 Rf6 35. Be4+ 1-0

[Event "Mainz CCM5 sim"]
[Site "Mainz"]
[Date "2005.08.??"]
[Round "?"]
[White "Grischuk, Alexander"]
[Black "Freise, Helmut"]
[Result "0-1"]
[WhiteElo "2720"]
[BlackElo "2217"]
[PlyCount "74"]
[EventDate "2005.08.??"]
[EventType "simul"]
[EventRounds "1"]
[EventCountry "GER"]
[SourceTitle "EXT 2007"]
[Source "ChessBase"]
[SourceDate "2006.11.23"]
[SourceVersion "1"]
[SourceVersionDate "2006.11.23"]
[SourceQuality "1"]

1. d4 f5 2. Bg5 g6 3. h4 d5 4. h5 Bg7 5. hxg6 hxg6 6. Rxh8 Bxh8 7. Nf3 Qd6 8.
Nc3 c6 9. e3 Nd7 10. a3 e5 11. Qd2 b5 12. O-O-O b4 13. axb4 Qxb4 14. Nb1 Qb6
15. Qc3 e4 16. Nh4 Kf7 17. g4 fxg4 18. Be2 Bf6 19. Bxf6 Ndxf6 20. Ng2 Nh5 21.
Qa3 Rb8 22. Nd2 Qb4 23. Qxa7+ Rb7 24. Qa3 Ngf6 25. Qxb4 Rxb4 26. c3 Ra4 27. b3
Ra1+ 28. Kb2 Rxd1 29. Bxd1 g3 30. fxg3 Nxg3 31. c4 g5 32. b4 Bh3 33. Ne1 Nf1
34. Nxf1 Bxf1 35. b5 cxb5 36. c5 Ke6 37. Kc3 Kd7 0-1

[Event "Mainz CCM5 sim"]
[Site "Mainz"]
[Date "2005.08.??"]
[Round "?"]
[White "Grischuk, Alexander"]
[Black "Geske, Julian"]
[Result "1/2-1/2"]
[WhiteElo "2720"]
[BlackElo "2086"]
[PlyCount "28"]
[EventDate "2005.08.??"]
[EventType "simul"]
[EventRounds "1"]
[EventCountry "GER"]
[SourceTitle "EXT 2007"]
[Source "ChessBase"]
[SourceDate "2006.11.23"]
[SourceVersion "1"]
[SourceVersionDate "2006.11.23"]
[SourceQuality "1"]

1. e4 e5 2. Nf3 Nc6 3. d4 exd4 4. Nxd4 Qf6 5. Nxc6 Bc5 6. Qd2 dxc6 7. Nc3 Bd4
8. Bd3 Ne7 9. O-O Be6 10. Kh1 O-O-O 11. f4 g6 12. Ne2 Bxb2 13. Bxb2 Qxb2 14.
Qc3 Qb6 1/2-1/2

[Event "Mainz CCM5 sim"]
[Site "Mainz"]
[Date "2005.08.??"]
[Round "?"]
[White "Grischuk, Alexander"]
[Black "Goelz, Daniel"]
[Result "1-0"]
[WhiteElo "2720"]
[BlackElo "1898"]
[PlyCount "47"]
[EventDate "2005.08.??"]
[EventType "simul"]
[EventRounds "1"]
[EventCountry "GER"]
[SourceTitle "EXT 2007"]
[Source "ChessBase"]
[SourceDate "2006.11.23"]
[SourceVersion "1"]
[SourceVersionDate "2006.11.23"]
[SourceQuality "1"]

1. Nf3 d5 2. c4 e6 3. d4 Nf6 4. g3 Be7 5. Bg2 O-O 6. O-O b6 7. cxd5 exd5 8. Nc3
Bb7 9. Bf4 a6 10. Rc1 c5 11. Ne5 Nbd7 12. Nxd7 Qxd7 13. Na4 Qb5 14. Bc7 Bd8 15.
Bxd8 Raxd8 16. dxc5 bxc5 17. Nxc5 Bc8 18. b3 Bg4 19. Nd3 Rfe8 20. Re1 Bf5 21.
Qd2 Re7 22. Nf4 Qe8 23. h4 Re4 24. Bxe4 1-0

[Event "Mainz CCM5 sim"]
[Site "Mainz"]
[Date "2005.08.??"]
[Round "?"]
[White "Grischuk, Alexander"]
[Black "Haasler, Andreas"]
[Result "1-0"]
[WhiteElo "2720"]
[BlackElo "2189"]
[PlyCount "131"]
[EventDate "2005.08.??"]
[EventType "simul"]
[EventRounds "1"]
[EventCountry "GER"]
[SourceTitle "EXT 2007"]
[Source "ChessBase"]
[SourceDate "2006.11.23"]
[SourceVersion "1"]
[SourceVersionDate "2006.11.23"]
[SourceQuality "1"]

1. e4 e6 2. d4 d5 3. e5 c5 4. c3 Nc6 5. Nf3 Qb6 6. a3 Nh6 7. b4 cxd4 8. cxd4
Nf5 9. Bb2 Bd7 10. g4 Nh6 11. Rg1 f6 12. exf6 gxf6 13. Nc3 Nf7 14. Na4 Qc7 15.
Nc5 Bd6 16. Rc1 Bf4 17. Rc2 a6 18. Bd3 Bc8 19. h4 Qd6 20. g5 fxg5 21. hxg5 Ne7
22. Re2 b6 23. Bb1 Rg8 24. Nd3 Nxg5 25. Nxg5 Rxg5 26. Rxg5 Bxg5 27. Re5 Bf6 28.
Qh5+ Kd8 29. Re2 Nf5 30. Ne5 Bxe5 31. dxe5 Qf8 32. Qxh7 Ne7 33. Bc1 Qg8 34.
Qxg8+ Nxg8 35. Bg5+ Ke8 36. Rc2 Bd7 37. Rc7 Ne7 38. Bd3 b5 39. Kd2 Rc8 40. Ra7
Rc6 41. Bxe7 Kxe7 42. f4 Kd8 43. Ra8+ Ke7 44. Rh8 Rc7 45. Be2 Be8 46. Rh7+ Kd8
47. Rxc7 Kxc7 48. Bg4 Bd7 49. Ke3 Kc6 50. Kd4 Kb6 51. Bh5 Kc6 52. Bf7 Bc8 53.
f5 exf5 54. Bxd5+ Kc7 55. Ke3 Kd7 56. Kf4 Ke7 57. Bg2 Kf7 58. Bd5+ Ke7 59. Bb3
Bb7 60. Kxf5 Bg2 61. Kf4 Bb7 62. Ke3 Bc8 63. Kd4 Bb7 64. Bd5 Bc8 65. Kc5 Kd8
66. Kd6 1-0

[Event "Mainz CCM5 sim"]
[Site "Mainz"]
[Date "2005.08.??"]
[Round "?"]
[White "Grischuk, Alexander"]
[Black "Hein, Andreas"]
[Result "1-0"]
[WhiteElo "2720"]
[BlackElo "2247"]
[PlyCount "67"]
[EventDate "2005.08.??"]
[EventType "simul"]
[EventRounds "1"]
[EventCountry "GER"]
[SourceTitle "EXT 2007"]
[Source "ChessBase"]
[SourceDate "2006.11.23"]
[SourceVersion "1"]
[SourceVersionDate "2006.11.23"]
[SourceQuality "1"]

1. e4 e5 2. f4 d6 3. Nc3 Nf6 4. Nf3 Nbd7 5. Bc4 Be7 6. O-O O-O 7. d3 c6 8. Kh1
Qc7 9. a4 a5 10. Qe1 Nc5 11. fxe5 dxe5 12. Qg3 Nh5 13. Qxe5 Qxe5 14. Nxe5 Nf6
15. Be3 Ne6 16. Rad1 Bd6 17. Nf3 Ng4 18. Bg1 Bd7 19. d4 Rad8 20. h3 Nh6 21. Bh2
Bxh2 22. Kxh2 Be8 23. Rfe1 Kh8 24. d5 cxd5 25. exd5 Nc5 26. b3 Nf5 27. Nd4 Nd6
28. Bf1 Bd7 29. Ncb5 Nde4 30. Nf3 Bxb5 31. axb5 Nc3 32. Rd4 Rxd5 33. Rxd5 Nxd5
34. Re5 1-0

[Event "Mainz CCM5 sim"]
[Site "Mainz"]
[Date "2005.08.??"]
[Round "?"]
[White "Grischuk, Alexander"]
[Black "Hettler, Wolfgang"]
[Result "1/2-1/2"]
[WhiteElo "2720"]
[BlackElo "2077"]
[PlyCount "26"]
[EventDate "2005.08.??"]
[EventType "simul"]
[EventRounds "1"]
[EventCountry "GER"]
[SourceTitle "EXT 2007"]
[Source "ChessBase"]
[SourceDate "2006.11.23"]
[SourceVersion "1"]
[SourceVersionDate "2006.11.23"]
[SourceQuality "1"]

1. e4 Nf6 2. e5 Nd5 3. d4 d6 4. Nf3 Bg4 5. Be2 e6 6. O-O Be7 7. c4 Nb6 8. Nc3
O-O 9. Be3 N8d7 10. h3 Bxf3 11. gxf3 dxe5 12. f4 exd4 13. Qxd4 Nf6 1/2-1/2

[Event "Mainz CCM5 sim"]
[Site "Mainz"]
[Date "2005.08.??"]
[Round "?"]
[White "Grischuk, Alexander"]
[Black "Krain, Thomas"]
[Result "1-0"]
[WhiteElo "2720"]
[BlackElo "1826"]
[PlyCount "35"]
[EventDate "2005.08.??"]
[EventType "simul"]
[EventRounds "1"]
[EventCountry "GER"]
[SourceTitle "EXT 2007"]
[Source "ChessBase"]
[SourceDate "2006.11.23"]
[SourceVersion "1"]
[SourceVersionDate "2006.11.23"]
[SourceQuality "1"]

1. e4 e6 2. d4 d5 3. Nc3 dxe4 4. Nxe4 Nd7 5. g4 Ngf6 6. Nxf6+ Nxf6 7. Bg2 e5 8.
g5 Nd7 9. dxe5 Nxe5 10. Qxd8+ Kxd8 11. Bf4 Bd6 12. O-O-O Re8 13. Nf3 Nc4 14.
Bxd6 Nxd6 15. Nd4 Bd7 16. c4 Rb8 17. c5 Nc4 18. c6 1-0

[Event "Mainz CCM5 sim"]
[Site "Mainz"]
[Date "2005.08.??"]
[Round "?"]
[White "Grischuk, Alexander"]
[Black "Kropp, Volker"]
[Result "1-0"]
[WhiteElo "2720"]
[BlackElo "2127"]
[PlyCount "99"]
[EventDate "2005.08.??"]
[EventType "simul"]
[EventRounds "1"]
[EventCountry "GER"]
[SourceTitle "EXT 2007"]
[Source "ChessBase"]
[SourceDate "2006.11.23"]
[SourceVersion "1"]
[SourceVersionDate "2006.11.23"]
[SourceQuality "1"]

1. Nf3 c5 2. e4 e6 3. d4 cxd4 4. Nxd4 a6 5. c4 Qc7 6. Nc3 Nf6 7. a3 d6 8. Be2
Nc6 9. O-O Bd7 10. Be3 Be7 11. Rc1 Nxd4 12. Qxd4 O-O 13. Rfd1 e5 14. Qd2 Be6
15. Nd5 Bxd5 16. cxd5 Qd7 17. f3 Rfc8 18. Qb4 Rxc1 19. Rxc1 Rc8 20. Rxc8+ Qxc8
21. Qc4 Qxc4 22. Bxc4 Bd8 23. Kf1 Kf8 24. b4 Nd7 25. a4 Bb6 26. Bd2 Bd4 27. a5
Ke7 28. Ke2 f6 29. h4 Nb8 30. g4 Nd7 31. Kf1 Kf7 32. Kg2 Ke7 33. Kg3 g6 34. Bd3
Kf7 35. Bf1 g5 36. hxg5 fxg5 37. Bxg5 Bc3 38. b5 Bxa5 39. bxa6 bxa6 40. Bxa6
Be1+ 41. Kg2 Bb4 42. Bc8 Nf6 43. Bf5 h5 44. Be3 hxg4 45. fxg4 Ne8 46. g5 Nc7
47. Kf3 Nb5 48. Kg4 Nd4 49. Kh5 Kg7 50. g6 1-0

[Event "Mainz CCM5 sim"]
[Site "Mainz"]
[Date "2005.08.??"]
[Round "?"]
[White "Grischuk, Alexander"]
[Black "Lais, Klaus Joerg"]
[Result "1/2-1/2"]
[WhiteElo "2720"]
[BlackElo "1942"]
[PlyCount "68"]
[EventDate "2005.08.??"]
[EventType "simul"]
[EventRounds "1"]
[EventCountry "GER"]
[SourceTitle "EXT 2007"]
[Source "ChessBase"]
[SourceDate "2006.11.23"]
[SourceVersion "1"]
[SourceVersionDate "2006.11.23"]
[SourceQuality "1"]

1. c4 c5 2. Nf3 Nf6 3. Nc3 g6 4. e4 Nc6 5. d4 cxd4 6. Nxd4 Bg7 7. Be3 O-O 8.
Be2 d6 9. O-O Bd7 10. Nc2 Rc8 11. Rc1 Ne5 12. Na3 Bc6 13. f3 a6 14. Qd2 Re8 15.
Rfd1 Qa5 16. Qe1 Ned7 17. Kh1 Nc5 18. Rb1 Qc7 19. Rdc1 Qd7 20. Nc2 Na4 21. Nxa4
Bxa4 22. b3 Bc6 23. Nd4 Qc7 24. b4 Bd7 25. Qd1 b6 26. a4 e5 27. Nc2 Bxa4 28.
Ra1 Qc6 29. Qd2 Red8 30. b5 axb5 31. cxb5 Bxb5 32. Na3 Qxc1+ 33. Rxc1 Rxc1+ 34.
Qxc1 Bxe2 1/2-1/2

[Event "Mainz CCM5 sim"]
[Site "Mainz"]
[Date "2005.08.??"]
[Round "?"]
[White "Grischuk, Alexander"]
[Black "Mokry, Karel"]
[Result "1-0"]
[WhiteElo "2720"]
[BlackElo "2459"]
[PlyCount "91"]
[EventDate "2005.08.??"]
[EventType "simul"]
[EventRounds "1"]
[EventCountry "GER"]
[SourceTitle "EXT 2007"]
[Source "ChessBase"]
[SourceDate "2006.11.23"]
[SourceVersion "1"]
[SourceVersionDate "2006.11.23"]
[SourceQuality "1"]

1. c4 d6 2. d4 e6 3. e4 Nf6 4. Nc3 Be7 5. Nf3 O-O 6. Be2 Nbd7 7. O-O c5 8. Re1
cxd4 9. Nxd4 Nc5 10. f3 a6 11. Be3 Re8 12. Bf2 e5 13. Nc2 Ne6 14. Bf1 Bd7 15.
Rc1 Rc8 16. Ne3 Nd4 17. Ned5 Nxd5 18. Nxd5 Ne6 19. Bb6 Nc7 20. Kh1 Bc6 21. Nxc7
Rxc7 22. b4 Qd7 23. b5 Rcc8 24. bxc6 Qxc6 25. Be3 b6 26. Qd5 Rc7 27. Qxc6 Rxc6
28. Rb1 Rb8 29. Rb3 a5 30. Reb1 Bd8 31. Rb5 Bc7 32. g3 f6 33. Kg2 Kf7 34. Kf2
h6 35. h4 Ke7 36. Ke1 Kf7 37. Kd2 Ke6 38. f4 Ke7 39. g4 exf4 40. Bxf4 g5 41.
hxg5 hxg5 42. Be3 Kf7 43. Be2 Kg6 44. Bd3 Kf7 45. Rh1 Kg7 46. Bd4 1-0

[Event "Mainz CCM5 sim"]
[Site "Mainz"]
[Date "2005.08.??"]
[Round "?"]
[White "Grischuk, Alexander"]
[Black "Rosa, Mike"]
[Result "0-1"]
[WhiteElo "2720"]
[BlackElo "2109"]
[PlyCount "60"]
[EventDate "2005.08.??"]
[EventType "simul"]
[EventRounds "1"]
[EventCountry "GER"]
[SourceTitle "EXT 2007"]
[Source "ChessBase"]
[SourceDate "2006.11.23"]
[SourceVersion "1"]
[SourceVersionDate "2006.11.23"]
[SourceQuality "1"]

1. e4 c5 2. Nf3 e6 3. d4 cxd4 4. Nxd4 a6 5. Bd3 Bc5 6. Nb3 Ba7 7. Qg4 Nf6 8.
Qg3 Nc6 9. O-O h5 10. Qxg7 Rg8 11. Qh6 Rg6 12. Qf4 Rg4 13. Qf3 Ne5 14. Qe2 Qc7
15. Kh1 Rh4 16. f4 Nfg4 17. h3 Ng6 18. Nc3 b5 19. Bd2 Bb7 20. Qf3 O-O-O 21. Be1
Ne3 22. Bg3 Nf5 23. Bh2 Rg8 24. Nd5 Bxd5 25. exd5 Ne3 26. dxe6 dxe6 27. f5 Ne5
28. Qa8+ Qb8 29. Qxb8+ Bxb8 30. Rf4 Nxd3 0-1

[Event "Mainz CCM5 sim"]
[Site "Mainz"]
[Date "2005.08.??"]
[Round "?"]
[White "Grischuk, Alexander"]
[Black "Rutkowski, Joerg"]
[Result "0-1"]
[WhiteElo "2720"]
[BlackElo "2058"]
[PlyCount "58"]
[EventDate "2005.08.??"]
[EventType "simul"]
[EventRounds "1"]
[EventCountry "GER"]
[SourceTitle "EXT 2007"]
[Source "ChessBase"]
[SourceDate "2006.11.23"]
[SourceVersion "1"]
[SourceVersionDate "2006.11.23"]
[SourceQuality "1"]

1. c4 f5 2. Nc3 Nf6 3. g3 e6 4. Bg2 Be7 5. d4 O-O 6. Nf3 d6 7. O-O Ne4 8. Qc2
Nxc3 9. Qxc3 a5 10. b3 Nc6 11. Bb2 Bf6 12. Rad1 Qe8 13. Rfe1 e5 14. dxe5 dxe5
15. e4 fxe4 16. Rxe4 Bf5 17. Re3 e4 18. Qc1 Bxb2 19. Qxb2 Qh5 20. Rd5 exf3 21.
Bxf3 Qg6 22. a3 Rae8 23. Qd2 Rxe3 24. Qxe3 Bg4 25. Be4 Qf6 26. Kg2 Re8 27. f3
Be6 28. Rd2 Kh8 29. b4 Bf5 0-1

[Event "Mainz CCM5 sim"]
[Site "Mainz"]
[Date "2005.08.??"]
[Round "?"]
[White "Grischuk, Alexander"]
[Black "Schultheisz, Egon"]
[Result "1/2-1/2"]
[WhiteElo "2720"]
[BlackElo "1980"]
[PlyCount "54"]
[EventDate "2005.08.??"]
[EventType "simul"]
[EventRounds "1"]
[EventCountry "GER"]
[SourceTitle "EXT 2007"]
[Source "ChessBase"]
[SourceDate "2006.11.23"]
[SourceVersion "1"]
[SourceVersionDate "2006.11.23"]
[SourceQuality "1"]

1. Nf3 Nf6 2. c4 d6 3. d4 Bg4 4. Nc3 Bxf3 5. exf3 e6 6. f4 Nbd7 7. d5 e5 8. Be2
Be7 9. O-O O-O 10. fxe5 Nxe5 11. Be3 Ned7 12. Qc2 Re8 13. Rfe1 a6 14. Rad1 Ne5
15. h3 Qd7 16. Bd4 Ng6 17. Bf1 Nh5 18. Qe2 Nf6 19. Qf3 Nh4 20. Qf4 Nf5 21. g3
Nxd4 22. Qxd4 Bf8 23. Bg2 Rxe1+ 24. Rxe1 Re8 25. Rxe8 Qxe8 26. Kf1 Qd7 27. Qd3
h6 1/2-1/2

[Event "Mainz CCM5 sim"]
[Site "Mainz"]
[Date "2005.08.??"]
[Round "?"]
[White "Grischuk, Alexander"]
[Black "Schweda, Roland"]
[Result "1-0"]
[WhiteElo "2720"]
[BlackElo "2416"]
[PlyCount "45"]
[EventDate "2005.08.??"]
[EventType "simul"]
[EventRounds "1"]
[EventCountry "GER"]
[SourceTitle "EXT 2007"]
[Source "ChessBase"]
[SourceDate "2006.11.23"]
[SourceVersion "1"]
[SourceVersionDate "2006.11.23"]
[SourceQuality "1"]

1. d4 d5 2. c4 c5 3. Nf3 dxc4 4. d5 Nf6 5. Nc3 e6 6. e4 Be7 7. d6 Bf8 8. Bxc4
a6 9. a4 Nc6 10. e5 Nd7 11. Bf4 f6 12. Bxe6 Ndxe5 13. Bxc8 Nxf3+ 14. Qxf3 Rxc8
15. Qd5 Qd7 16. O-O Nd4 17. Rfe1+ Kd8 18. Rad1 Rc6 19. Ne4 Ne6 20. Bg3 h5 21.
h4 a5 22. Nxf6 gxf6 23. Rxe6 1-0

[Event "Mainz CCM5 sim"]
[Site "Mainz"]
[Date "2005.08.??"]
[Round "?"]
[White "Grischuk, Alexander"]
[Black "Walker, Gary E"]
[Result "1-0"]
[WhiteElo "2720"]
[BlackElo "1989"]
[PlyCount "73"]
[EventDate "2005.08.??"]
[EventType "simul"]
[EventRounds "1"]
[EventCountry "GER"]
[SourceTitle "EXT 2007"]
[Source "ChessBase"]
[SourceDate "2006.11.23"]
[SourceVersion "1"]
[SourceVersionDate "2006.11.23"]
[SourceQuality "1"]

1. c4 e6 2. d4 Nf6 3. g3 Bb4+ 4. Nd2 O-O 5. Bg2 d5 6. Ngf3 b6 7. O-O Bb7 8.
cxd5 exd5 9. Ne5 Nbd7 10. Ndf3 Be7 11. b3 c5 12. Bb2 Rc8 13. Rc1 cxd4 14. Bxd4
Bc5 15. Nd3 Qe7 16. Re1 Ba3 17. Rxc8 Rxc8 18. Qa1 Bc5 19. e3 Bxd4 20. Nxd4 Ne5
21. Nxe5 Qxe5 22. Rc1 Rxc1+ 23. Qxc1 g6 24. a4 Kg7 25. h3 Ne4 26. Qc2 f5 27.
Bf3 Nxg3 28. fxg3 Qxe3+ 29. Qf2 Qxf2+ 30. Kxf2 Kf6 31. Ke3 Ke5 32. Be2 g5 33.
Nf3+ Kf6 34. Kd4 f4 35. g4 h6 36. Ne5 Ke6 37. Bf3 1-0